000 00856nam a2200241Ia 4500
003 OSt
005 20220923220922.0
006 a|||||r|||| 00| 0
007 ta
008 220922b |||||||| |||| 00| 0 hin d
024 _a192,233
037 _cTextual
040 _aARTS
_cARTS
_bhin
041 _2hin
_ahin
082 _aT.2'N7, 152L5
100 _aमलैया, विद्यावती
245 0 _aभारतीय शिक्षा की समस्याएं
_b और प्रवृत्तियां
246 _aBhāratīya shikṣhā kī samasyāean: aur pravṛuttiyāan
260 _aदिल्ली
_b मैकमिलन कम्पनी
_c1975
300 _a315पृ.
_ccm.
942 _hT.2'N7, 152L5
_cTEXL
_2CC
999 _c344855
_d344855